|
|
|
|
| LEADER |
00000ny a22000003n 4500 |
| 005 |
20110621120220.0 |
| 006 |
m u |
| 007 |
cr cn||||||||| |
| 008 |
200606r2005 sp |||||s|||||||||||spa d |
| 020 |
|
|
|a 9788497723671
|
| 035 |
|
|
|a 1270
|
| 040 |
|
|
|a FlNmELB
|c FlNmELB
|d vlex
|
| 050 |
1 |
4 |
|a KKT518
|b G984 2005eb
|
| 080 |
|
|
|a 369.221.3
|
| 090 |
|
|
|c 1293
|d 1293
|
| 100 |
1 |
|
|a Gutiřrez Calles, Jos ̌Luis
|
| 245 |
1 |
3 |
|a La guarda del enfermo mental
|h [Recurso electrn̤ico]
|b deberes y responsabilidades : con formularios para facilitar el ejercicio de funciones tutelares /
|c Jos ̌Luis Gutiřrez Calles
|
| 256 |
|
|
|a Servicio en ln̕ea
|
| 260 |
|
|
|a Madrid :
|b Dykinson,
|c c2005
|
| 300 |
|
|
|a 17-335 p
|
| 500 |
|
|
|a Based on the author's thesis (doctoral)--Universidad de Cr̤doba, 2003
|
| 506 |
1 |
|
|a Contenido solo disponible en los productos indicados
|d vLex Global
|d vLex Global (Academic Edition, excluding Law Schools)
|d vLex Global (U.S. Academic Edition, Law Schools)
|d vLex Global (U.S. Academic Edition, excluding Law Schools)
|d vLex Global (Academic Edition, Law Schools)
|
| 650 |
0 |
7 |
|a Discapacitado
|2 Tesauro vLex
|
| 650 |
0 |
7 |
|2 Tesauro vLex
|a Civil
|
| 650 |
0 |
7 |
|2 Tesauro vLex
|a Incapacitacin̤
|
| 650 |
0 |
7 |
|2 Tesauro vLex
|a Enajenacin̤ mental
|
| 650 |
0 |
7 |
|2 Tesauro vLex
|a Guarda de derecho
|
| 740 |
0 |
|
|a vLex Libros (Servicios en ln̕ea)
|
| 856 |
4 |
0 |
|z Acceso restringido
|u http://vlex.com/source/1270
|
| 942 |
|
|
|c BOOK
|